000
00209nam a22000857a 4500
008
170302b xxu||||| |||| 00| 0 eng d
100
_9
3015
_a
Godkar.P
245
_a
Medical Laboratry
260
_a
Mumbai
_b
Gurgaon
_c
2011
999
_c
6258
_d
6258